|
|
|
|
| LEADER |
02668pam a2200517Ka 4500 |
| 001 |
bslw06443761 |
| 003 |
UtOrBLW |
| 005 |
20101115152719.0 |
| 006 |
m d |
| 007 |
cr un||||||||| |
| 008 |
101115s2002 ne a ob 001 0 eng |
| 010 |
|
|
|a 2002035239
|
| 020 |
|
|
|z 0444512608
|
| 020 |
|
|
|a 9781849508445 (electronic bk.) :
|c £74.95 ; <U+0080>110.95 ; $133.95
|
| 040 |
|
|
|a UtOrBLW
|c UtOrBLW
|d GrThAP
|
| 050 |
0 |
0 |
|a HB135
|b .D586 2002
|
| 072 |
|
7 |
|a KCH
|2 bicssc
|
| 072 |
|
7 |
|a KCJ
|2 bicssc
|
| 072 |
|
7 |
|a BUS044000
|2 bisacsh
|
| 072 |
|
7 |
|a BUS069000
|2 bisacsh
|
| 080 |
|
|
|a 330
|
| 082 |
0 |
0 |
|a 330/.01/1
|2 21
|
| 245 |
0 |
0 |
|a Dynamic general equilibrium modelling for forecasting and policy
|h [electronic resource] :
|b a practical guide and documentation of MONASH /
|c edited by Peter B. Dixon and Maureen T. Rimmer.
|
| 250 |
|
|
|a 1st ed.
|
| 260 |
|
|
|a Amsterdam ;
|a Boston :
|b Elsevier,
|c 2002.
|
| 300 |
|
|
|a 1 online resource (xiv, 338 p.) :
|b ill.
|
| 490 |
1 |
|
|a Contributions to economic analysis,
|x 0573-8555 ;
|v v. 256
|
| 504 |
|
|
|a Includes bibliographical references (p. 309-323) and indexes.
|
| 505 |
0 |
|
|a Aims, background, innovations and presentation / Maureen T. Rimmer -- Mathematical structure, solution algorithm and computer implementation : an overview / Maureen T. Rimmer -- The theory of the MONASH model / Maureen T. Rimmer -- Developing the MONASH closures / Maureen T. Rimmer -- Extensions, progress and the future / Maureen T. Rimmer -- An illustrative application of MONASH : the Australian motor vehicle industry from 1987 to 2016 / Maureen T. Rimmer.
|
| 520 |
|
|
|a The Contributions to Economic Analysis series consists of a number of previously unpublished studies. The term economic analysis is used because it covers the activities of the theoretical economist and the research worker.
|
| 588 |
|
|
|a Description based on print version record.
|
| 650 |
|
0 |
|a Economics
|x Mathematical models.
|
| 650 |
|
0 |
|a Equilibrium (Economics)
|x Mathematical models.
|
| 650 |
|
0 |
|a Statics and dynamics (Social sciences)
|x Mathematical models.
|
| 650 |
|
0 |
|a Economic forecasting
|x Mathematical models.
|
| 650 |
|
0 |
|a Economic policy
|x Mathematical models.
|
| 650 |
|
7 |
|a Business & Economics
|x Economics
|x Microeconomics.
|2 bisacsh
|
| 650 |
|
7 |
|a Business & Economics
|x Economics
|x General.
|2 bisacsh
|
| 650 |
|
7 |
|a Econometrics.
|2 bicssc
|
| 650 |
|
7 |
|a Economic forecasting.
|2 bicssc
|
| 700 |
1 |
|
|a Dixon, Peter B.
|
| 700 |
1 |
|
|a Rimmer, Maureen T.
|
| 776 |
1 |
|
|z 9780444512604
|
| 830 |
|
0 |
|a Contributions to economic analysis ;
|v v. 256.
|
| 856 |
4 |
0 |
|u http://www.emeraldinsight.com/0573-8555/256
|z Full Text via HEAL-Link
|
| 913 |
|
|
|1 BMEbacklist
|